|
|
|
|
| LEADER |
00000nab a2200000 4500 |
| 001 |
vtls012070648 |
| 003 |
SK-MaSNL |
| 005 |
20260304210403.0 |
| 008 |
210927|2021 xo |||| ||an ||00 0|slo |
| 015 |
|
|
|a SNBRB2021/09
|
| 040 |
|
|
|a SPKCL
|b slo
|e rda
|
| 041 |
|
|
|a cze
|b eng
|
| 044 |
|
|
|a xo
|c SK
|
| 072 |
|
7 |
|a 616.89
|x Psychiatria
|2 konspekt
|
| 072 |
|
7 |
|a 364-1/-7
|x Druhy sociálnej pomoci a služieb
|2 konspekt
|
| 080 |
|
|
|a 616.89:316.785.62
|2 2011
|
| 100 |
1 |
|
|a Kozáková, Zdeňka,
|d 1977-
|4 aut
|9 159092
|
| 245 |
1 |
0 |
|a Využití prvků aplikované behaviorální analýzy u dětí s neurovývojovými poruchami
|c Zdeňka Kozáková, Tereza Procházková
|
| 300 |
|
|
|b Tabuľky
|
| 336 |
|
|
|a text
|b txt
|2 rdacontent
|
| 337 |
|
|
|a bez média
|b n
|2 rdamedia
|
| 338 |
|
|
|a zväzok
|b nc
|2 rdacarrier
|
| 504 |
|
|
|a Obsahuje bibliografiu
|
| 546 |
|
|
|a Anglické resumé
|
| 650 |
0 |
7 |
|a autizmus
|2 SNKPH
|9 19443
|
| 650 |
0 |
7 |
|a dysfázia
|2 SNKPH
|9 22308
|
| 650 |
0 |
7 |
|a výskum
|2 SNKPH
|9 4238
|
| 650 |
0 |
7 |
|a behaviorálna terapia
|2 SNKPH
|9 83566
|
| 700 |
1 |
|
|a Procházková, Tereza
|4 aut
|9 1541491
|
| 773 |
0 |
|
|t Studia scientifica Facultatis paedagogicae
|g Roč. 20, č. 2 (2021), s. 34-53
|x 1336-2282
|
| 856 |
4 |
1 |
|u http://studiascientifica.ku.sk/
|
| 958 |
|
|
|a NB
|
| 999 |
|
|
|c 3125860
|d 3127790
|